00861nam a2200229 a 450000100100000000500170001000800410002702000150006804000250008308200160010810000470012424500800017126000720025130000210032349000240034450000310036870000580039983000310045704900090048895201190049799900150061600000531820200929151637.0090819s2002 es 001 0 spa d a8400080602 aDO-SdBNPbspacBNPHU axxxxbM385n1 aMartínez Montalbán, José Luis91508813aLa novela semanal cinematrográfica /cJosé Luis Martínez Montalbán. aMadrid :bConsejo Superior de Investigaciones Científicas,c2002. a508 p. ;c22 cm.1 aLiteratura brevev9 aIncluye tabla de contenido1 aSánchez Álvarez-Insúa, Alberto,epról.915089 0aLiteratura breven9915090 aBNPD 001054708MOaGRbGRcHDd2009-08-19iLF1l0oxxxx M385np5318-10r2020-06-25w2020-06-25y4ZPréstamo en sala c5119d5119